Регионална библиотека "Любен Каравелов" - Русе

Encyclopedie de l'economie et de la gestion (Запис номер 37852)

MARC детайли
000 -Лидер
Контролно поле с фиксирана дължина 00957nam a2200313 c 4500
003 - Код на организацията, давaща контролен номер
Контролно поле BLK
005 - Дата и час на последна редакция
Контролно поле 20180420221028.0
008 - Елементи от данни с фиксирана дължина
fixed length control field 180408b bul|||||r ||||||| ||bul||
010 ## - Наследен системен номер
LC control number KNG00041027000
020 ## - Международен стандартен номер на книга ISBN
Международен стандартен номер на книга ISBN 2-01-011965-7
-- издат.: Hachette
040 ## - Източник на каталожния запис
Идентификатор на билиотеката - собственик на записа BLK
041 ## - Код за език
Код за езика на текст/звукозапис или на отделно заглавие Френски
Код за езика КДБФ Френски
080 ## - УДК
Текстов определител УДК Икономика. Икономически науки
УДК код - определител по УДК 33
УДК определител (035)
УДК - код + определител 33(035)
139 ## - Редно поле
Редна дума Encyclopedie de l'economie et de la gestion
Авторски знак En - E 54
245 10 - Сведения за заглавието
Заглавие Encyclopedie de l'economie et de la gestion
257 ## - Страна на издаване
Страна на създаване/издаване Франция
260 ## - Област на издателските данни
-- Paris
Име на издателя, разпространителя и проч. Hachette
Година на издаване 1991
300 ## - Физическа характеристика
Страници 592 c.
Размери/Мащаб 20 cm
380 ## - Жанр
Жанр Обществени науки
490 1# - СЕРИИ (Колекции)
Име на серия Faire le point : References
650 #4 - Допълнително описание по предмет – тема
Основно описание – тема или топоним Икономика - енциклопедии
9 (RLIN) 275067
653 ## - Ключова дума – ненормативна
Ключова дума икономика
653 ## - Ключова дума – ненормативна
Ключова дума енциклопедии
852 ## - Местоположение
Форматна сигнатура Цб 172044
856 4# - Електронен адрес и достъп
Електронен формат pdf - файл
Път до файла /url/
856 4# - Електронен адрес и достъп
Електронен формат pdf - файл
Път до файла /url/
942 ## - АРТИКУЛИ
Вид на библиотечния материал Книги
Скрит в OPAC Не
944 ## - СЪЗДАВАНЕ И РЕДАКЦИЯ на ЗАПИСА
Създаване/Редакция Създаване
Дата на регистрацията/редакция 15.01.2003
Служител, извършил регистрацията/редакцията Теодора_Стоянова
944 ## - СЪЗДАВАНЕ И РЕДАКЦИЯ на ЗАПИСА
Създаване/Редакция Редакция
Дата на регистрацията/редакция 26.05.2011
Служител, извършил регистрацията/редакцията
999 ## - СИСТЕМНИ КОНТРОЛНИ НОМЕРА
Koha biblionumber 37852
Koha biblioitemnumber 37852
Наличности
Код за отписване Код за изгубен артикул Източник на класификационната схема Код за повреда Коз за рестрикции Код за отдаване Артикулен № Име на библиотеката - собственик Име на библиотеката, в която се намира в момента Статус (Текущо местоположение) Дата на вписване в системата Местоположение - отдел Цена в лева Инвентарен номер Систематично азбучна сигнатура Баркод Номер на екземпляра Цена в евро Служебна бележка Служебен тип на артикула
  Не е изгубен Universal Decimal Classification Не е повреден без рестрикции ползва се в читалня 59464 Регионална библиотека "Любен Каравелов" Русе Регионална библиотека "Любен Каравелов" Русе Читалня 4 - справочен фонд 2001-01-01 Читалня 4 - справочен фонд 0.00 582802 C4 33/E54 582802 1 0.00 Дост: DA Вид: А N: стар фонд Дата: 01.01.1991 Дата инв: 12.06.2017 Бележки инв: С42017 Книги
Vip Innovations Ltd, Rousse, Bulgaria 2025